Journal of Niger Delta studies (Record no. 38434)

MARC details
000 -LEADER
fixed length control field 00621nam a2200169Ia 4500
022 ## - INTERNATIONAL STANDARD SERIAL NUMBER
ISSN 978303804
050 ## - CALL MARK
Classification number HC 1055.A1 .N54/
245 #0 - TITLE STATEMENT
Title Journal of Niger Delta studies
260 ## - PUBLICATION, DISTRIBUTION, ETC. (IMPRINT)
Place of publication Niger Delta, Nigeria
260 ## - PUBLICATION, DISTRIBUTION, ETC. (IMPRINT)
Name of publisher North-Holland in collaboration with the Graduate School of Management, University of Rochester
260 ## - PUBLICATION, DISTRIBUTION, ETC. (IMPRINT)
Year of publication 2015
300 ## - PHYSICAL DESCRIPTION
Number of Pages ix, 183 p. :ill. ; 25 cm.
650 ## - SUBJECT ADDED ENTRY--TOPICAL TERM
Topical Term Nigeria--Economic conditions--Periodicals. Nigeria--Social conditions--Periodicals. Nigeria--Politics and government--Periodicals.
942 ## - ADDED ENTRY ELEMENTS (KOHA)
Koha item type Serials

No items available.